Music Quiz

Random Music or Lyrics Quiz
Score 0/136 Timer 06:00
0 Plays Today
% Correct
God
95.9%
God
95.9%
God
95.9%
dreams,
95.3%
dreams
95.3%
dreams,
95.3%
dreams
95.3%
dreams,
95.3%
dreams
95.3%
Sweet
94.6%
Sweet
94.6%
Sweet
94.6%
Sweet
94.6%
Sweet
94.6%
Sweet
94.6%
I
93.9%
Godspeed,
93.9%
Godspeed
93.9%
I
93.9%
Godspeed,
93.9%
Godspeed
93.9%
I
93.9%
Godspeed,
93.9%
Godspeed
93.9%
Godspeed
93.9%
Godspeed
93.9%
the
93.2%
The
93.2%
the
93.2%
the
93.2%
the
93.2%
and
92.6%
and
92.6%
And
92.6%
And
92.6%
and
92.6%
and
92.6%
And
92.6%
you
91.9%
little
91.9%
little
91.9%
you
91.9%
you
91.9%
little
91.9%
little
91.9%
you
91.9%
% Correct
you
91.9%
little
91.9%
little
91.9%
you
91.9%
man
91.2%
man
91.2%
man
91.2%
man
91.2%
man
91.2%
man
91.2%
to
89.2%
to
89.2%
to
89.2%
love
88.5%
my
88.5%
love
88.5%
love
88.5%
my
88.5%
love
88.5%
love
88.5%
my
88.5%
love
88.5%
on
87.8%
on
87.8%
on
87.8%
on
87.8%
will
86.5%
will
86.5%
will
86.5%
night
84.5%
night
84.5%
night
84.5%
night
84.5%
fly
83.1%
fly
83.1%
fly
83.1%
fly
83.1%
each
82.4%
angels'
82.4%
wings
82.4%
each
82.4%
angels'
82.4%
wings
82.4%
each
82.4%
angels'
82.4%
wings
82.4%
% Correct
moon,
81.8%
we
80.4%
in
79.7%
Oh,
79.1%
Oh,
79.1%
Oh,
79.1%
is
76.4%
all
74.3%
pajamas
73.6%
couch
73.6%
Goodnight
73%
find
72.3%
for
72.3%
are
72.3%
Dragon
70.3%
cars
70.3%
out
69.6%
mouse
69.6%
tales
68.9%
water
68.9%
Superman's
68.9%
matchbox
68.9%
stars
68.9%
tuckered
67.6%
bless
67.6%
bless
67.6%
wherever
67.6%
every
66.2%
dad
66.2%
thanks
66.2%
hears
66.2%
mommy
64.9%
'amen'
64.2%
lost
61.5%
boys
61.5%
Fish
61.5%
racer's
60.8%
moonbeams
60.1%
Pirates
58.1%
sail
58.1%
wide
56.8%
bite
56.1%
rocket
53.4%
we'll
51.4%
Remove Ads.
Support Sporcle.
Get the best of Sporcle when you Go Orange. This ad-free experience offers more features, more stats, and more fun while also helping to support Sporcle. Thank you for becoming a member.

You're not logged in!

Compare scores with friends on all Sporcle quizzes.
OR
Log In

Show Comments

Extras

Top Quizzes Today


Score Distribution

Your Account Isn't Verified!

In order to create a playlist on Sporcle, you need to verify the email address you used during registration. Go to your Sporcle Settings to finish the process.

Report this User

Report this user for behavior that violates our Community Guidelines.

Details: